000 01430cam a2200253 4500500
005 20260201111414.0
041 _afre
042 _adc
100 1 0 _aPont, Pierre
_eauthor
245 0 0 _aUn intervenant associatif en Établissement pénitentiaire pour mineurs
260 _c2010.
500 _a21
520 _aRésuméLes échecs pour contrer l’échec scolaire, professionnel, existentiel. L’intuition dicte à Pierre Pont l’impératif besoin de venir au contact de ces jeunes détenus, garçons et filles âgés de 13 à 18 ans, incarcérés en epm par décision du juge. Multirécidivistes peut-être, mais pas forcément. Tous en très grande difficulté existentielle, fragilisés, vulnérables, à réapprivoiser, à réconcilier avec eux-mêmes pour s’approprier une autre image de soi.À l’ epm Lavaur, établissement « pilote », lieu d’enfermement pour mineurs nouvelle génération, les associations sont les bienvenues pour le rôle modérateur et apaisant qu’elles peuvent jouer.
690 _aintervenant
690 _ajeu d'échecs
690 _aoser agir
690 _aplaisir
690 _apôle socioculturel
690 _aservice éducatif
690 _atransmettre pour bâtir
690 _avenir au contact
786 0 _nEmpan | 77 | 1 | 2010-05-17 | p. 138-143 | 1152-3336
856 4 1 _uhttps://shs.cairn.info/revue-empan-2010-1-page-138?lang=fr&redirect-ssocas=7080
999 _c1641447
_d1641447